Culture Générale - Série 2589 - Statistiques

Statistiques générales
  • Ce quiz a été pris 140 fois
  • Le résultat moyen est 5 sur 10
Statistiques - réponses
Question Réponse % Correct
De quel pays est originaire l'art martial qui se pratique avec un accompagnement musical appelé "capoeira" ? Brésil
92%
Dans la mythologie grecque, quel titan a été condamné par Zeus à porter la voute céleste sur ses épaules pour toute l'éternité ? Atlas
80%
Quelle île Gênes a-t-elle vendu à la France en 1768 ? Corse
79%
Dans quelle capitale a eu lieu la première Exposition universelle en 1851 ? Londres
73%
Quel est le plus vaste espace des Etats Unis après l'Alaska ? Texas
72%
"Ce n'est pas mauvais" pour dire "C'est très bon", comment appelle-t-on cette figure de style ? litote
39%
Dans quel pays est née la danse appelée "cha cha cha" en 1953 ? Cuba
32%
Quelle variété de fruit est appelée "fandango" ? tomate
6%
Dans la chanson de Roland, comment s'appelle le beau-père de Roland ayant trahi ce dernier ? Ganelon
5%
Quel médicament est principalement utilisé comme édulcorant de masse pour remplacer le saccharose ? - 8 lettres commençant par " s " sorbitol
2%
Aucun quiz correspondant
Distribution des résultats
% des personnes avec chaque résultat
Percentile par nombre de réponses
Votre historique - résultats
Vous n’avez pas pris ce quiz